000 00306nam a22001337a 4500
008 170930b xxu||||| |||| 00| 0 eng d
020 _a9780385336260
041 _aeng
080 _a37
100 _a47
101 _aEDU
245 _aWHAT YOUR THIRD GRADER NEEDS TO KNOW
_cHIRSCH, E.D
942 _2udc
_cBK
999 _c31025
_d31025